NLSUI OPAC header image

Possible codification of the doctrine of minor's contract in the Indian legal system : a comparative and neuroscientific approach for the digital age (Record no. 217739)

MARC details
000 -LEADER
fixed length control field 00566nam a2200133Ia 4500
005 - DATE AND TIME OF LATEST TRANSACTION
control field 20260209120151.0
008 - FIXED-LENGTH DATA ELEMENTS--GENERAL INFORMATION
fixed length control field 260209s9999||||xx |||||||||||||| ||und||
100 ## - MAIN ENTRY--PERSONAL NAME
Personal name Shivi Kadyan
245 #0 - TITLE STATEMENT
Title Possible codification of the doctrine of minor's contract in the Indian legal system : a comparative and neuroscientific approach for the digital age
260 ## - PUBLICATION, DISTRIBUTION, ETC.
Place of publication, distribution, etc. BangaloreBangalore
Name of publisher, distributor, etc. NLSIU, Bangalore
Date of publication, distribution, etc. 2024 - 2025
300 ## - PHYSICAL DESCRIPTION
Extent 34 p. ; 25 cm.
700 ## - ADDED ENTRY--PERSONAL NAME
Personal name Ms. Ronjini Ray - SupervisorMs. Ronjini Ray - Supervisor
856 ## - ELECTRONIC LOCATION AND ACCESS
Uniform Resource Identifier <a href="https://dans.nls.ac.in/handle/123456789/2416">https://dans.nls.ac.in/handle/123456789/2416</a>
Holdings
Withdrawn status Lost status Damaged status Not for loan Home library Current library Date acquired Total Checkouts Barcode Date last seen Price effective from Koha item type
        . . 09.02.2026   LLM1106 09.02.2026 09.02.2026 Dissertation